Welcome to the Holygrace Academy Library

Please use search bar below to get started

BHUDHADEV (Record no. 4584)

MARC details
000 -LEADER
fixed length control field 00188nam a22000977a 4500
082 ## - DEWEY DECIMAL CLASSIFICATION NUMBER
Classification number 494
Item number SHA/B
245 ## - TITLE STATEMENT
Title BHUDHADEV
260 ## - PUBLICATION, DISTRIBUTION, ETC. (IMPRINT)
Place of publication DELHI
Name of publisher DREAMLINED
650 ## - SUBJECT ADDED ENTRY--TOPICAL TERM
Topical Term STORY
Geographic subdivision DELHI
942 ## - ADDED ENTRY ELEMENTS (KOHA)
Koha item type Books
Holdings
Withdrawn status Lost status Collection code Home library Current library Shelving location Date acquired Source of acquisition Full call number Accession Number Koha item type
    Fiction Main Library Main Library SHELF-16F- HINDI FICTIONS,SHORT STORIES 31/01/2019 PURCHASE 494 SHA/B 10926 Books